| 000 | 00598nam a22001937a 4500 | ||
|---|---|---|---|
| 003 | OSt | ||
| 005 | 20250918042829.0 | ||
| 008 | 250918b |||||||| |||| 00| 0 eng d | ||
| 020 | _a978-0-07-351096-5. | ||
| 040 |
_aDWC-Main Lib. _cOC |
||
| 100 | _aBRESKIN, MYRNA | ||
| 245 |
_aMcGraw-Hill medical dictionary for allied health/ _cBRESKIN, MYRNA |
||
| 260 |
_aBoston : _bMcGraw-Hill, _cc2008. |
||
| 300 |
_axxii, 549 p. : _bcol. ill. ; _c23 cm. |
||
| 650 | _a1. Allied health personnel. | ||
| 650 | _a2. Health-Dictionaries. | ||
| 650 | _a3. Medicine-Dictionaries. | ||
| 942 |
_2ddc _cGR _hGR. _n0 |
||
| 999 |
_c4479 _d4479 |
||